| 000 | 01687nam a2200265Ia 4500 | ||
|---|---|---|---|
| 999 |
_c49210 _d49210 |
||
| 001 | 16121 | ||
| 003 | GE_BSU | ||
| 005 | 20241216120034.0 | ||
| 008 | 181216s2011||||ge |||||||||||||| ||geo|| | ||
| 040 | _cGE_BSU | ||
| 041 | _ageo | ||
| 080 | _a314(479.22) წ-85 | ||
| 100 |
_aწულაძე, გიორგი _94394 |
||
| 245 |
_aსაქართველოს დემოგრაფიული წელიწდეულიDemographic yearbook of Georgia = Annuaire demographique de la Georgie, 2010 / _b გიორგი წულაძე, ნიკა მაღლაფერიძე, ალექსანდრე ვადაჭკორია ; [რედ. ავთანდილ სულაბერიძე] ; დემოგრაფიისა და სოციოლ. ინ-ტი, UNFPA. |
||
| 264 |
_aთბილისი : _bშპს ვესტა, _c2011. |
||
| 300 |
_a280 გვ. : _bცხრ. ; _c29 სმ. |
||
| 546 | _aტექსტი ქართულ და ინგლისურ ენებზე | ||
| 653 | _aდემოგრაფია | ||
| 653 | _aსაქართველოს დემოგრაფიული წელიწდეული | ||
| 700 |
_aმაღლაფერიძე, ნიკა _eავტორი _923952 |
||
| 700 |
_aვადაჭკორია, ალექსანდრე _eავტორი _923953 |
||
| 700 |
_aსულაბერიძე, ავთანდილ _eრედქტორი _923954 |
||
| 710 |
_aდემოგრაფიისა და სოციოლოგიის ინსტიტუტი UNFPA _923955 |
||
| 942 |
_cBK _2udc |
||